01276nam a2200325 a 4500001001200000003000800012006001900020007001500039008004100054010001700095020002600112020002300138040002100161035002100182043001200203050002600215082001400241100002200255245015800277260003900435300001500474504006400489533015200553650003300705655002900738700002300767710001700790856012600807999001700933ebr10313651CaPaEBRm u cr cn|||||||||080205s2008 nju sb 001 0 eng  z 2008004973 z9780470262788 (cloth) z0470262788 (cloth) aCaPaEBRcCaPaEBR a(OCoLC)608624426 an-us---14aRA395.A3bH352 2008eb04a362.12221 aHammergren, John.10aSkin in the gameh[electronic resource] :bhow putting yourself first today will revolutionize health care tomorrow /cJohn Hammergren with Phil Harkins. aHoboken, N.J. :bJ. Wiley,cc2008. axi, 227 p. aIncludes bibliographical references (p. 213-217) and index. aElectronic reproduction.bPalo Alto, Calif. :cebrary,d2013.nAvailable via World Wide Web.nAccess may be limited to ebrary affiliated libraries. 0aMedical carezUnited States. 7aElectronic books.2local1 aHarkins, Philip J.2 aebrary, Inc.40uhttp://site.ebrary.com/lib/rucke/Doc?id=10313651zAn electronic book accessible through the World Wide Web; click to view c62823d62823